|
|
|
|
| LEADER |
00816nam a2200229 a 4500 |
| 001 |
000618779 |
| 003 |
CZ BrMZK |
| 005 |
20170223085242.0 |
| 007 |
ta |
| 008 |
020825s1983 xr a f cze d |
| 040 |
|
|
|a BOA001
|b cze
|c BOA001
|
| 080 |
|
|
|a 598.9:502.74
|2 MRF
|
| 100 |
1 |
|
|a Pavelka, Karel,
|d 1954-
|7 jn99240000847
|4 wfw
|
| 245 |
1 |
0 |
|a Dravci a jejich ochrana :
|b katalog k výstavě 30. dubna až 31. července 1983 /
|c text: Karel Pavelka, Lubomír Kučírek
|
| 260 |
|
|
|a Vsetín :
|b Okresní vlastivědné muzeum,
|c 1983
|
| 300 |
|
|
|a [14] s. :
|b il.
|
| 504 |
|
|
|a Obsahuje bibliografii
|
| 700 |
1 |
|
|a Kučírek, Lubomír,
|d 1929-
|7 ola2009507721
|4 aut
|
| 910 |
|
|
|a BOA001
|b X-0860.435
|
| 990 |
|
|
|a BK
|
| 991 |
|
|
|b 201702
|
| 996 |
7 |
|
|b 2619697131
|c X-0860.435
|l MZK
|r Sklad / do 24 hodin
|n 3
|w 000618779
|u 000010
|a 1
|e BOA001
|j MZK50
|s A
|